Circular Logos Quiz Stats

 Plays Quiz Updated Jul 31, 2013

Also try: Corporate Logos
Challenge
Share
Tweet
Score 0/16 Timer 03:00
8 Plays Today
Company % Correct
Starbucks
98.2%
Pepsi Co.
97.2%
LG
93.9%
Xbox
92.6%
Target
91.1%
Motorola
90.6%
Volkswagen
90.2%
Mercedes-Benz
89.4%
Company % Correct
AT&T
81.8%
CBS
76.4%
Texaco
75.5%
RadioShack
66.8%
Marriott
47.5%
Air Canada
38.6%
Xerox
35%
Yamaha
26.6%

You're not logged in!

Compare scores with friends on all Sporcle quizzes.
Join for Free
OR
Log In

You Might Also Like...

Show Comments

Extras

Top Quizzes Today


Score Distribution

Your Account Isn't Verified!

In order to create a playlist on Sporcle, you need to verify the email address you used during registration. Go to your Sporcle Settings to finish the process.

Report this User

Report this user for behavior that violates our Community Guidelines.

Details: